MDQL
is popping MORE tags! Check the
thread
!
Quizzes
Events
Quiz Creation
Community
Videos
Private Events
Remove Ads
Sign In
Join for FREE
Feedback
Dark Mode
Quiz Categories
Sports
Geography
Music
Movies
Television
Just For Fun
Miscellaneous
History
Literature
Language
Science
Gaming
Entertainment
Religion
Holiday
For Kids
Quiz Lab
Recent
Popular Today
Quiz Kudos Today
Editor Picks
Curator Picks
Quizzes by...
Day
Popularity
Type
Ratings
Length
Year
Community
Subscriptions
Recent Discussions
Orange Saloon
Badges
Playlists
Quests
Create
Leaderboards
Showdown
Live 5
Trivia Bingo
Activity
Puzzle Library
Sporcle Events
Private Events
Virtual Trivia
Globe League
Become a Host
Pub Owners
SporcleCon
Opinionation
Our Games
Videos
Blog
Mobile Apps
Partnerships
Remove Ads and Go Orange
Feedback
Entertainment
Celebrity
Famous
Musical
Broadway
Show
Quote
Comic Books
Anime
Superhero
DC Comics
Marvel
Cartoons
Animation
Entertainment
Celebrity
Famous
Musical
Broadway
Show
Quote
Comic Books
Anime
Superhero
DC Comics
Marvel
Cartoons
Animation
Random Quiz
Search Sporcle
×
Quiz Lab
Quiz Lab
Entertainment
Competing
Type in answers that appear in a list
Type in answers that appear in a list
Classic
Best Score? Go Orange.
Can _____ get more fans than _____? Stats
Can you name the fan pages listed below??
By
Myagooshki
5m
14 Questions
83 Plays
83 Plays
83 Plays
Comments
Comments
Give Quiz Kudos
Give Quiz Kudos
-
- Ratings
hide this ad
Replay
Link that replays current quiz
Next Quiz
Link to next quiz in quiz playlist
You Got
0%
They Got
Avg Score
16%
Avg Friend Score
Upgrade to see
Score Distribution
Jump to the score distribution portion of the page
Score
0/14
Timer
05:00
0
Plays Today
Fan Page
Competing Object
% Correct
Can this _
_
_
_
_
get more fans than Nickelback?
Pickle
65.1%
Can this _
_
_
_
_
get more fans than Justin Bieber?
Onion Ring
39.8%
Can this _
_
_
_
_
get more fans than Miley Cyrus?
Sexxayy Potato
33.7%
Can this _
_
_
_
_
get more fans than Creed?
Apple
15.7%
Can this _
_
_
_
_
get more fans than Miley Cyrus?
Pea
12%
Can this _
_
_
_
_
get more fans than Miley Cyrus?
Kid who looks like a THUMB
10.8%
Can this _
_
_
_
_
get more fans than Cheryl Cole?
Sausage
10.8%
Fan Page
Competing Object
% Correct
Can this _
_
_
_
_
get more fans than the Jonas Brothers?
Troll Doll
9.6%
Can this _
_
_
_
_
get more fans than the president?
Purple Monster I drew on Paint
8.4%
Can this _
_
_
_
_
get more fans than Barack Obama?
Goat
7.2%
Can this _
_
_
_
_
get more fans than the Jonas Brothers?
Evil Piano
7.2%
Can this _
_
_
_
_
get more fans than Ashton Kutcher?
Little Monkey
4.8%
Can _
_
_
_
_
get more fans than a celebrity?
You
4.8%
Can this _
_
_
_
_
get more fans than Lady Gaga?
Beard
2.4%
Quiz Playlist
Details
Report
Send in Message
Add To Playlist
Classic:
Type in answers that appear in a list
Last Updated: Feb 16, 2017
Quiz Scoreboard
CHALLENGE
Sign Up to Join the Scoreboard
Show All
Scores
Hide
Comments
May contain spoilers
Recently Published
Street Fighter Characters
by Artimus82
Gaming
60s
9x9 Crossword: Cartoon Network
by jackfrog10
Miscellaneous
3m
College Basketball Coaching Resumes
by pancakes188
Sports
9m
More to Explore
Quiz From the Vault
Featured Blog Post
Where Did the Easter Bunny Come From?
hide this ad
You Might Also Like...
Tags
Competing
fan
object
page
Today's Top Quizzes in Entertainment
Browse Entertainment
hide this ad
Today's Top Quizzes in Competing
Browse Competing
Top Contributed Quizzes in Entertainment
1
7-to-1: DC Comics Villains
2
Marvel Characters Bunker
3
Eurovision 2023 Logic Puzzle
4
Dragon Ball Z: Goku's Fights in Order
5
Sorting Pictures: Villains
6
Criteria Quickie: Cartoon Taxonomy II
7
7-to-1: One Piece
8
Mini Trivia Sudoku: Musicals
9
Fictional Villains Letter U Blitz
10
Kamen Rider Motifs
Explore More
Trending Topics
Kpop
Crossword
NBA
Anime
Disney
Harry Potter
Marvel
Puzzle
Soccer
The Office
NFL
Pokémon
Song
Country
WWE
hide this ad
More By:
Myagooshki
Quiz
Plays
Rating
Category
Featured
Created
Black Sabbath Singers
356
1.00
Music
Feb 3, 2010
100 Most commonly used words in Spanish
344
3.00
Language
May 14, 2010
Clutch Songs
261
3.67
Music
Dec 20, 2009
World's Greatest Historians
218
2.00
History
Jan 9, 2010
Unscramble these band names
175
3.67
Music
Jan 16, 2010
Go to Creator's Profile
Score Distribution
Quiz Creator Spotlight
Myagooshki
Follow
Send a Message
Quizzes Created
-
Created Quiz Play Count
-
More By This Creator
Popular Quizzes Today
1
Find the US States - No Outlines Minefield
2
Find the Countries of Europe - No Outlines Minefield
3
The Countries of the World
4
Find the US States
5
Risky Map Clicking: Biggest States A-Z
6
US States
7
Popular People in 1961
8
Movies - When Are They Set?
More Entertainment Quizzes
Only 5 Years Apart - #18
Quiz Lab
Trending Quizzes
Risky Map Clicking: Least Populous States A-Z
Countries of the World: 200 Million BC
1-10 Letter G Words
Risky Map Clicking: Next State Alphabetically
Adjectives in 80s TV Shows
Recently Updated
Leaping Animals
pecheneg
Reality TV Shows (A-Z)
bhenderson79
Rickey Henderson's Hall of Fame Teammates
pecheneg
Champions League XIs: Arsenal
pecheneg
Quick Pick: Celebrities in WWE's Hall of Fame
aduchscher
A-Z Keypad Blitz II
pecheneg
Multiple Oscar Actors
pecheneg
Mystery Phrase Blitz: Oscar 'Best Actors'
pecheneg
F. Scott Fitzgerald Novels
LTH
Pick 3 Villains
ddd62291
Trending Topics
Anime
NBA
Disney
Harry Potter
Crossword
Marvel
Kpop
The Office
Song
Country
WWE
Puzzle
Soccer
NFL
Pokémon
Your Account Isn't Verified!
In order to create a playlist on Sporcle, you need to verify the email address you used during registration. Go to your
Sporcle Settings
to finish the process.
Report this User
Report this user for behavior that violates our
Community Guidelines
.
Details:
Send Report
Go to the Sporcle.com Mobile Site →
Comments